[Event "TUN-ch U20"]
[Site "Monastir"]
[Date "2021.09.04"]
[Round "6"]
[White "Zouari, Mohanned"]
[Black "Boudaya, Ahmed"]
[Result "1-0"]
[WhiteElo "1597"]
[BlackElo "1323"]
[PlyCount "51"]
[EventDate "2021.09.01"]
[EventType "tourn"]
[EventRounds "9"]
[EventCountry "TUN"]
[SourceTitle "EXT 2023"]
[Source "ChessBase"]
[SourceDate "2022.10.05"]
[SourceVersion "1"]
[SourceVersionDate "2022.10.05"]
[SourceQuality "1"]

1. e4 c5 2. Nc3 a6 3. a4 d6 4. f4 Nc6 5. Nf3 Qc7 6. Bc4 e6 7. 0-0 g6 8. Qe1 Bg7 9. f5 e5 10. Ng5 Nh6 11. Nd5 Qd8 12. f6 Bf8 13. c3 Nb8 14. d3 Nd7 15. Qh4 Nb6 16. Nxb6 Qxb6 17. Kh1 Qc7 18. Qe1 a5 19. Qd1 Bg4 20. Qb3 b6 21. Be3 Ra7 22. d4 cxd4 23. cxd4 Ra8 24. Rac1 Qd8 25. Bxf7+ Kd7 26. Qb5# 1-0

[Event "TUN-ch U12"]
[Site "Monastir"]
[Date "2021.03.17"]
[Round "6"]
[White "Bouafia, Arken"]
[Black "Boudaya, Ahmed"]
[Result "1-0"]
[WhiteElo "1260"]
[BlackElo "1324"]
[PlyCount "64"]
[EventDate "2021.03.15"]
[EventType "swiss"]
[EventRounds "9"]
[EventCountry "TUN"]
[SourceTitle "EXT 2022"]
[Source "ChessBase"]
[SourceDate "2021.10.06"]
[SourceVersion "1"]
[SourceVersionDate "2021.10.06"]
[SourceQuality "1"]

1. d4 Nf6 2. c4 e6 3. a3 c6 4. Nc3 d5 5. cxd5 exd5 6. Bf4 Bd6 7. Bxd6 Qxd6 8. e3 Bf5 9. Bd3 Bxd3 10. Qxd3 0-0 11. Nf3 Nbd7 12. h3 Rfe8 13. 0-0 Ne4 14. Nd2 f5 15. Ndxe4 fxe4 16. Qc2 Re6 17. Ne2 g5 18. Qd1 Rf8 19. Ng3 Nf6 20. Nf5 Qd7 21. Nh6+ Kg7 22. Nf5+ Kg6 23. Ng3 h5 24. Re1 h4 25. Nf1 Qf7 26. Qe2 Nd7 27. Nh2 Nf6 28. Rf1 b6 29. Rac1 Rc8 30. b4 Qe7 31. Ng4 Nxg4 32. Qxg4 Rf6 1-0

[Event "TUN-ch U12"]
[Site "Monastir"]
[Date "2021.03.16"]
[Round "5"]
[White "Boudaya, Ahmed"]
[Black "Hasnaoui, Amen Allah"]
[Result "1/2-1/2"]
[WhiteElo "1324"]
[BlackElo "1173"]
[PlyCount "100"]
[EventDate "2021.03.15"]
[EventType "swiss"]
[EventRounds "9"]
[EventCountry "TUN"]
[SourceTitle "EXT 2022"]
[Source "ChessBase"]
[SourceDate "2021.10.06"]
[SourceVersion "1"]
[SourceVersionDate "2021.10.06"]
[SourceQuality "1"]

1. e4 d6 2. d4 Nd7 3. Nf3 e5 4. dxe5 dxe5 5. Bc4 h6 6. 0-0 Ngf6 7. Re1 c6 8. Nc3 Qc7 9. h3 Be7 10. a3 g5 11. h4 g4 12. Nh2 h5 13. g3 b5 14. Ba2 b4 15. axb4 Bxb4 16. Qd3 Nc5 17. Qc4 a5 18. Qe2 Be6 19. Bxe6 Nxe6 20. Nf1 Nd4 21. Qd1 Nf3+ 22. Kg2 Nxe1+ 23. Qxe1 c5 24. Bg5 Qc6 25. Nd2 Bxc3 26. bxc3 Nh7 27. Qb1 Nxg5 28. hxg5 0-0 29. Qe1 Qg6 30. Qe3 f5 31. gxf6 Qxf6 32. Qxc5 Rad8 33. Qe3 Qd6 34. Qg5+ Kh7 35. Rd1 Qb6 36. Qxh5+ Qh6 37. Qxh6+ Kxh6 38. Rh1+ Kg5 39. Nc4 Ra8 40. Nxe5 a4 41. Nd3 a3 42. Ra1 Rfe8 43. e5 a2 44. Nb4 Rxe5 45. Rxa2 Rxa2 46. Nxa2 Ra5 47. Nb4 Ra3 48. Nd5 Ra2 49. Ne3 Ra3 50. c4 Ra8 1/2-1/2